000
00351nam a2200157Ia 4500
003
OSt
005
20240217125426.0
008
170524s9999 xx 000 0 und d
020
_a
8178350033
040
_c
IIMT
100
_a
Singh Rajendra
245
0
_a
Hotel and Hospitality Management
260
_b
Klpaz Pub.
260
_c
2003
942
_2
ddc
_c
02
999
_c
7497
_d
7497